000 01164nam a22003013 4500
001 26427
003 BD-RjUL
005 20211209051021.0
008 140322r19541933enkbef 000 0aeng
035 _a(BD-RjUL)26497
040 _aDLC
_cDLC
_beng
_dBD-RjUL
041 _aeng
082 _a938
_bPAP V-3 1954
100 0 _aPausanias,
_dactive approximately 150-175.
_981260
245 0 0 _aPausanias Description of Greece /
_cwith an English translation by W.H.S Jones ... in six volumes.
_niii
_pBooks VI-VIII (I-XXI).
260 _aLondon ;
_bW. Heinemann ;
_aNew York :
_bG. P. Putnam's sons,
_c1954.
300 _a441, [8] p. ;
_c17 cm.
505 1 _aI. Books I and II.--II. Books III-V.--III. Books VI-VIII (I-XXI).
651 0 _aGreece
_xAntiquities.
_981261
651 0 _aGreece
_xDescription and travel
_vEarly works to 1800.
_980257
700 1 _aJones, W. H. S.
_q(William Henry Samuel),
_d1876-1963,
_eed. and tr.
_980258
700 1 _aOrmerod, Henry Arderne,
_d1886-1964,
_etr.
_981262
700 1 _aWycherley, R. E.
_q(Richard Ernest)
_981263
942 _2ddc
_cBK
999 _c26427
_d26427